Responses for Show #1909 - Thursday, December 17, 1992

Contestants

[<< previous game]

John Adams, a librarian from Irvine, California

Katie Dunwoody, a lawyer from San Francisco, California

Harry Koga, a student affairs assistant from Berkeley, California (whose 1-day cash winnings total $9,600)

[next game >>]

Jeopardy! Round responses

THE WORLD PRESS
POTENT POTABLES
THE MIDDLE AGES
TV TRIVIA
ISLANDS
THE "I"s HAVE IT
    $100 1
Australia

Harry
    $100 6
rum

Harry
    $100 11
Richard

John
    $100 16
Dragnet

Katie
    $100 17
the Malvinas Islands (the Falklands)

Harry
    $100 26
[Alex accidentally revealed the correct response when reading the clue.]
(Alex: I do this about two or three times a season. This is my first time this year.)

ice

Triple Stumper
    $200 2
Mussolini

John
    $200 7
tequila

John
    $200 12
Russia

Harry
    $200 22
(Alex: Ooh, he's going to be upset that you don't know about this. The town is called [*]. That's also the title of the series.)

Evening Shade

Triple Stumper
    $200 18
Corsica

Harry
    $200 27
irises

Harry
    $300 3
Pravda

Harry
    $300 8
gin

Harry
    $300 13
Gutenberg

Katie
    $300 23
Stacy Keach

Triple Stumper
    $300 19
the Antilles

Harry
    $300 28
an idyll

Harry
    $400 4
Hungary

Harry
    $400 9
champagne

Harry
    $400 14
Thomas a Becket

John
    $400 24
(Alex: I'm glad you watch—you do watch Jeopardy!, don't you?)
(Katie: That's all we watch.)
(Alex: That's all you watch? That's enough.)

John Davidson

Triple Stumper
    $1,200 20
New Zealand

Harry
    $400 29
(John: What are eye teeth?)

the incisors

HarryJohn
    $500 5
Belgium

Harry
    $500 10
Benedictine & brandy

Katie
    $500 15
Mohammed

John
    $500 25
Atlanta, Georgia

Harry
    $500 21
Crete

Triple Stumper
    $500 30
an ignoramus

Harry

Scores at the first commercial break (after clue 15):

Harry Katie John
$2,300 $800 $1,400

Scores at the end of the Jeopardy! Round:

Harry Katie John
$6,000 $900 $1,000

Double Jeopardy! Round responses

BOOKS & AUTHORS
ARCHITECTURE
NEW ENGLAND
RUBBER
HISTORY
FATHERLY NICKNAMES
    $200 11
Louis L'Amour

Triple Stumper
    $200 16
(Sir Christopher) Wren

Harry
    $200 21
(John: What is New Hampshire?)

Vermont

HarryJohn
    $200 26
Brazil

Harry
    $200 1
India

Katie
    $200 6
Henry Ford

John
    $400 12
Salman Rushdie

Katie
    $2,600 17
(Alex: Guess where I was earlier this year.)

the Parthenon

Harry
    $400 22
Paul Revere

Triple Stumper
    $400 27
automobile tires

Harry
    $400 2
Henry VIII

John
    $400 7
Roget

Katie
    $600 13
Richard Burton

Katie
    $600 18
windows

Katie
    $600 23
(John: What is Annapolis?)
...
(Alex: What is [*], at New London.)

The Coast Guard Academy

John
Triple Stumper
    $600 28
(Katie: What is Play-Doh?)

Silly Putty

HarryKatie
    $600 3
Martin Luther

Harry
    $600 8
Woolworth

Harry
    $800 14
(Robert) Heinlein

John
    $800 19
(Harry: What is St. Patrick's?)

Trinity Church

Harry
Triple Stumper
    $800 24
(Katie: What is Wilmington--excuse me, Dover, Delaware?)

Hartford

Katie
Triple Stumper
    $800 29
latex

Harry
    $800 4
the Ottoman Empire

Harry
    $800 9
(Clarence) Birdseye

Harry
    $1000 15
John Dean

Katie
    $1000 20
a portcullis

Harry
    $1000 25
Rhode Island

Harry
    $1000 30
Joseph Priestley

Triple Stumper
    $2,600 5
Avignon

Harry
    $1000 10
Gregg

Harry

Scores at the end of the Double Jeopardy! Round:

Harry Katie John
$18,600 $2,700 $1,600
(lock game)

[wagering suggestions for these scores]

Final Jeopardy! Round responses

THE ELEMENTS
JohnWhat is argon
$1,600
KatieWhat is argon
$501
HarryWhat is Hydrogen?
$11,400
argon

Final scores:

Harry Katie John
$7,200 $3,201 $3,200
2-day champion: $16,800 2nd place: trip to The Bahamas 3rd place: Cazal 951 & 955 sunglasses

Game dynamics:

Coryat scores:

Harry Katie John
$14,000 $2,700 $1,600
32 R
(including 3 DDs),
1 W
9 R,
2 W
8 R,
3 W

Combined Coryat: $18,300

[game clues] [game scores] [suggest correction]

Game tape date: 1992-09-01
The J! Archive is created by fans, for fans. Scraping, republication, monetization, and malicious use prohibited; this site may use cookies and collect identifying information. See terms. The Jeopardy! game show and all elements thereof, including but not limited to copyright and trademark thereto, are the property of Jeopardy Productions, Inc. and are protected under law. This website is not affiliated with, sponsored by, or operated by Jeopardy Productions, Inc. Join the discussion at JBoard.tv.